00301nam a22001337a 4500003000400000020001800004082001800022100002000040245003600060250000900096260003200105300000800137650002200145SGT a9780323847711 a616.024bM24D aDOVER, ANNA R.  aMACLEOD'S CLINICAL EXAMINATION  a15TH aLONDONbELSEVIER PUB c2024 a444 aGENERAL MEDICINE